Interludes pour Pelléas et Mélisande : /

Hlavní autor: Debussy, Claude, 1862-1918
Další autoři: Samazeuilh, Gustave, 1877-1967
Jazyk: Nelze použít, není lingvistický obsah
Vydáno: Paris : Durand & Cie, [1910?]
Fyzický popis: 1 partitura (10 s.)
Hudebniny Hudebniny
Uloženo v:
LEADER 00805ncm a22002172a 4500
001 001305507
003 CZ BrMZK
005 20140205093519.0
007 qu
008 110120s1910 fr |||||||||||||||||zxx d
040 |a BOA001  |b cze 
072 7 |a 786  |x Hudba pro klávesové nástroje  |2 Konspekt  |9 9 
100 1 |a Debussy, Claude,  |d 1862-1918  |7 jn19990001672  |4 cmp 
245 1 0 |a Interludes  |h [hudebnina] :  |b pour Pelléas et Mélisande : /  |c Claude Debussy ; réduction à 2 mains par Gustave Samazeuilh 
260 |a Paris :  |b Durand & Cie,  |c [1910?] 
300 |a 1 partitura (10 s.) 
700 1 |a Samazeuilh, Gustave,  |d 1877-1967  |7 mzk2013788884  |4 arr 
910 |a BOA001  |b Mus4-0188.889 
990 |a MU 
991 |b 201306 
996 6 |b 2619578318  |c Mus4-0188.889  |l MZK  |r Sklad / do 1 hodiny  |n 0  |w 001340097  |u 000010  |a 1  |e BOA001  |j MZK50  |s P